[Event "CZE-ch Junior 2020"]
[Site "Kouty nad Desnou"]
[Date "2020.03.09"]
[Round "4.5"]
[White "Eret, Jonas"]
[Black "Riha, Vojtech"]
[Result "1-0"]
[WhiteElo "2211"]
[BlackElo "2306"]
[Annotator "RC"]
[PlyCount "161"]
[EventDate "2020.03.07"]
[EventCountry "CZE"]
[SourceTitle "playchess.com"]
[Source "ChessBase"]
[SourceQuality "1"]
[TimeControl "5400+30"]

1. d4 {[%emt 0:00:00]} Nf6 {[%emt 0:00:00]} 2. Nf3 {[%emt 0:00:12]} g6 {[%emt 0:00:00]} 3. Bf4 {[%emt 0:00:19]} Bg7 {[%emt 0:00:42]} 4. e3 {[%emt 0:01:01]} d6 {[%emt 0:00:25]} 5. h3 {[%emt 0:00:22]} O-O {[%emt 0:01:13]} 6. Be2 {[%emt 0:01:28]} b6 {[%emt 0:00:59]} 7. O-O {[%emt 0:01:06]} Bb7 {[%emt 0:00:42]} 8. Nbd2 {[%emt 0:01:40]} Nbd7 {[%emt 0:00:56]} 9. a4 {[%emt 0:02:04]} a5 {[%emt 0:00:51]} 10. c3 {[%emt 0:01:36]} Nd5 {[%emt 0:06:38]} 11. Bh2 {[%emt 0:04:36]} e5 {[%emt 0:01:50]} 12. Qb3 {[%emt 0:18:30]} Qe7 {[%emt 0:04:02]} 13. Bc4 {[%emt 0:03:14]} N5f6 {[%emt 0:03:55]} 14. Rfd1 {[%emt 0:09:25]} e4 {[%emt 0:02:38]} 15. Ne1 {[%emt 0:00:20]} Kh8 16. Nc2 g5 {[%emt 0:09:10]} 17. Be2 {[%emt 0:09:16]} Ne8 {[%emt 0:03:05]} 18. Rf1 {[%emt 0:05:41]} f5 {[%emt 0:03:21]} 19. f3 {[%emt 0:01:20]} Nef6 {[%emt 0:04:33]} 20. f4 {[%emt 0:05:08]} g4 {[%emt 0:10:33]} 21. hxg4 {[%emt 0:05:08]} Nxg4 {[%emt 0:00:13]} 22. Bxg4 {[%emt 0:00:40]} fxg4 {[%emt 0:00:04]} 23. Bg3 {[%emt 0:01:09]} Rf5 {[%emt 0:03:05]} 24. Kf2 {[%emt 0:02:09]} Bd5 {[%emt 0:06:07]} 25. Qa3 {[%emt 0:05:14]} h5 {[%emt 0:03:24]} 26. Rh1 {[%emt 0:00:24]} Bf6 {[%emt 0:00:29]} 27. Rh2 {[%emt 0:01:01]} Kg7 {[%emt 0:00:45]} 28. Rah1 {[%emt 0:00:35]} Rh8 {[%emt 0:00:47]} 29. Bh4 {[%emt 0:00:55]} Bxh4+ {[%emt 0:02:08]} 30. Rxh4 {[%emt 0:00:33]} Nf8 {[%emt 0:00:06]} 31. c4 {[%emt 0:02:50]} Ng6 {[%emt 0:03:56]} 32. g3 {[%emt 0:01:45]} Nxh4 {[%emt 0:01:53]} 33. Rxh4 {[%emt 0:00:07]} Be6 {[%emt 0:00:36]} 34. d5 {[%emt 0:00:30]} Bd7 {[%emt 0:00:23]} 35. Nd4 {[%emt 0:00:36]} Rff8 {[%emt 0:00:24]} 36. Qc3 {[%emt 0:00:40]} Kg6 {[%emt 0:00:59]} 37. Qc2 {[%emt 0:01:49]} Re8 {[%emt 0:01:27]} 38. Nb1 {[%emt 0:02:56]} Rhf8 {[%emt 0:02:07]} 39. Nc3 {[%emt 0:00:43]} Kh6 {[%emt 0:01:08]} 40. Ke1 {[%emt 0:00:58]} Qh7 {[%emt 0:04:14]} 41. Qh2 {[%emt 0:04:18]} Qg6 {[%emt 0:00:14]} 42. Qc2 {[%emt 0:02:18]} Qh7 {[%emt 0:01:39]} 43. Nce2 {[%emt 0:03:45]} Bf5 {[%emt 0:01:08]} 44. Nb5 {[%emt 0:00:00]} Rf7 {[%emt 0:00:00]} 45. Ned4 {[%emt 0:00:00]} Qg6 {[%emt 0:00:00]} 46. Qc3 {[%emt 0:00:00]} Qf6 {[%emt 0:00:00]} 47. Qd2 {[%emt 0:00:00]} Qg7 {[%emt 0:00:00]} 48. Nxc7 {[%emt 0:00:00]} Rc8 {[%emt 0:00:00]} 49. Ncb5 {[%emt 0:00:00]} Qg6 {[%emt 0:00:00]} 50. b3 {[%emt 0:00:00]} Bd7 {[%emt 0:00:00]} 51. Nc3 {[%emt 0:00:00]} Re8 {[%emt 0:00:00]} 52. Qh2 {[%emt 0:00:00]} Ree7 {[%emt 0:00:00]} 53. Nc2 {[%emt 0:00:00]} Rh7 {[%emt 0:00:00]} 54. Qd2 {[%emt 0:00:00]} Rh8 {[%emt 0:00:00]} 55. Ne2 {[%emt 0:00:00]} Rf8 {[%emt 0:00:00]} 56. Ned4 {[%emt 0:00:00]} Rc8 {[%emt 0:00:00]} 57. Ke2 {[%emt 0:00:00]} Rf7 {[%emt 0:00:00]} 58. Ne1 {[%emt 0:00:00]} Qf6 {[%emt 0:00:00]} 59. Ng2 {[%emt 0:00:00]} Re7 {[%emt 0:00:00]} 60. Qe1 {[%emt 0:00:00]} Rf7 {[%emt 0:01:22]} 61. f5 {[%emt 0:00:00]} Bxf5 {[%emt 0:01:02]} 62. Rxh5+ {[%emt 0:00:00]} Kxh5 {[%emt 0:01:24]} 63. Qh1+ {[%emt 0:00:00]} Kg6 {[%emt 0:00:54]} 64. Nf4+ {[%emt 0:00:00]} Kg7 {[%emt 0:00:10]} 65. Nh5+ {[%emt 0:00:00]} Kg6 {[%emt 0:00:39]} 66. Nxf6 {[%emt 0:00:00]} Rxf6 {[%emt 0:00:07]} 67. Nxf5 {[%emt 0:01:07]} Rxf5 {[%emt 0:00:07]} 68. Qxe4 {[%emt 0:00:07]} Kg5 {[%emt 0:01:07]} 69. Qe7+ {[%emt 0:00:08]} Rf6 {[%emt 0:00:26]} 70. Qg7+ {[%emt 0:00:21]} Rg6 {[%emt 0:00:10]} 71. Qb7 {[%emt 0:01:43]} Rf8 {[%emt 0:00:59]} 72. Qxb6 {[%emt 0:00:43]} Rf3 {[%emt 0:00:24]} 73. Qd8+ {[%emt 0:01:03]} Rgf6 {[%emt 0:00:34]} 74. c5 {[%emt 0:00:19]} dxc5 {[%emt 0:00:53]} 75. d6 {[%emt 0:00:26]} Kh5 {[%emt 0:01:28]} 76. Qe8+ {[%emt 0:00:26]} Kh6 {[%emt 0:00:15]} 77. Qh8+ {[%emt 0:00:23]} Kg6 {[%emt 0:00:06]} 78. Qg8+ {[%emt 0:00:35]} Kh5 {[%emt 0:00:19]} 79. Qh7+ {[%emt 0:01:53]} Kg5 {[%emt 0:00:08]} 80. Qh4+ {[%emt 0:00:16]} Kf5 {[%emt 0:00:16]} 81. d7 {[%emt 0:00:11]} 1-0

[Event "CZE-ch Junior 2020"]
[Site "Kouty nad Desnou"]
[Date "2020.03.09"]
[Round "4.6"]
[White "Finek, Vaclav"]
[Black "Cerny, David"]
[Result "1/2-1/2"]
[WhiteElo "2211"]
[BlackElo "2181"]
[Annotator "ChessBase"]
[PlyCount "76"]
[EventDate "2020.03.07"]
[EventCountry "CZE"]
[SourceTitle "playchess.com"]
[Source "ChessBase"]
[SourceQuality "1"]
[TimeControl "5400+30"]

1. Nf3 {[%emt 0:00:00]} g6 {[%emt 0:00:00]} 2. c4 {[%emt 0:00:00]} Bg7 {[%emt 0:00:38]} 3. g3 {[%emt 0:00:00]} c5 {[%emt 0:01:01]} 4. Bg2 {[%emt 0:00:00]} Nc6 {[%emt 0:01:25]} 5. Nc3 {[%emt 0:00:00]} d6 {[%emt 0:00:47]} 6. O-O {[%emt 0:00:10]} Bg4 {[%emt 0:01:13]} 7. h3 {[%emt 0:00:05]} Bd7 {[%emt 0:00:39]} 8. e3 {[%emt 0:00:07]} Nf6 {[%emt 0:01:49]} 9. d4 {[%emt 0:00:29]} O-O {[%emt 0:02:16]} 10. b3 {[%emt 0:04:16]} e5 {[%emt 0:03:51]} 11. Bb2 {[%emt 0:05:12]} Qe7 {[%emt 0:06:47]} 12. Nd5 {[%emt 0:05:23]} Nxd5 {[%emt 0:06:45]} 13. cxd5 {[%emt 0:00:10]} e4 {[%emt 0:03:24]} 14. Nd2 {[%emt 0:11:08]} Nb4 {[%emt 0:01:12]} 15. Nxe4 {[%emt 0:00:29]} Nxd5 {[%emt 0:04:15]} 16. Qd2 Nf6 {[%emt 0:23:58]} 17. Nxf6+ {[%emt 0:14:36]} Bxf6 {[%emt 0:01:40]} 18. Bxb7 {[%emt 0:00:38]} Bxh3 {[%emt 0:00:49]} 19. Bxa8 {[%emt 0:00:06]} Bxf1 {[%emt 0:00:23]} 20. Rxf1 {[%emt 0:00:03]} Rxa8 {[%emt 0:00:28]} 21. dxc5 {[%emt 0:00:05]} Bxb2 {[%emt 0:01:01]} 22. Qxb2 {[%emt 0:00:07]} dxc5 {[%emt 0:00:08]} 23. Rc1 {[%emt 0:01:18]} Rd8 {[%emt 0:01:42]} 24. Qc2 {[%emt 0:02:08]} Rd5 {[%emt 0:01:08]} 25. a4 {[%emt 0:02:27]} Qd7 {[%emt 0:04:33]} 26. Qe2 {[%emt 0:14:26]} h5 {[%emt 0:02:05]} 27. e4 {[%emt 0:01:51]} Rd2 {[%emt 0:02:20]} 28. Qe3 {[%emt 0:02:53]} Rd1+ {[%emt 0:05:49]} 29. Rxd1 {[%emt 0:00:06]} Qxd1+ {[%emt 0:00:04]} 30. Kh2 {[%emt 0:00:48]} Qd4 {[%emt 0:01:50]} 31. Qf3 {[%emt 0:01:38]} c4 {[%emt 0:01:34]} 32. bxc4 {[%emt 0:00:04]} Qxc4 {[%emt 0:00:12]} 33. a5 {[%emt 0:00:28]} Qa4 {[%emt 0:02:22]} 34. Qc3 {[%emt 0:03:41]} Qxe4 {[%emt 0:00:56]} 35. Qc8+ {[%emt 0:00:05]} Kg7 {[%emt 0:01:10]} 36. Qc3+ {[%emt 0:00:43]} Kg8 {[%emt 0:01:00]} 37. Qc8+ {[%emt 0:00:26]} Kg7 {[%emt 0:00:09]} 38. Qc3+ {[%emt 0:00:11]} Kg8 {[%emt 0:00:09]} 1/2-1/2

[Event "CZE-ch Junior 2020"]
[Site "Kouty nad Desnou"]
[Date "2020.03.09"]
[Round "5.1"]
[White "Cerny, David"]
[Black "Brejnik, Gustav"]
[Result "0-1"]
[WhiteElo "2181"]
[BlackElo "2259"]
[Annotator "ChessBase"]
[PlyCount "108"]
[EventDate "2020.03.07"]
[EventCountry "CZE"]
[SourceTitle "playchess.com"]
[Source "ChessBase"]
[SourceQuality "1"]
[TimeControl "5400+30"]

1. c4 {[%emt 0:00:00]} e5 {[%emt 0:00:00]} 2. Nc3 {[%emt 0:00:34]} Bb4 {[%emt 0:00:00]} 3. g3 {[%emt 0:01:29]} Bxc3 {[%emt 0:01:08]} 4. bxc3 {[%emt 0:00:52]} d6 {[%emt 0:00:33]} 5. Bg2 {[%emt 0:00:51]} Ne7 {[%emt 0:00:28]} 6. d4 {[%emt 0:03:30]} Nbc6 {[%emt 0:01:52]} 7. e4 {[%emt 0:02:36]} O-O {[%emt 0:00:30]} 8. Ne2 {[%emt 0:00:45]} f5 {[%emt 0:09:40]} 9. O-O {[%emt 0:04:17]} Qe8 {[%emt 0:07:59]} 10. Be3 {[%emt 0:04:05]} Qh5 {[%emt 0:06:33]} 11. f4 {[%emt 0:03:01]} fxe4 {[%emt 0:02:06]} 12. Bxe4 {[%emt 0:01:28]} Bg4 {[%emt 0:00:22]} 13. Rf2 {[%emt 0:01:02]} exf4 {[%emt 0:01:36]} 14. gxf4 {[%emt 0:06:57]} Nf5 {[%emt 0:06:21]} 15. Qd2 {[%emt 0:04:00]} Rae8 {[%emt 0:05:56]} 16. Bd5+ {[%emt 0:06:38]} Kh8 {[%emt 0:01:36]} 17. Ng3 {[%emt 0:00:24]} Nxg3 {[%emt 0:17:11]} 18. hxg3 {[%emt 0:00:15]} Qh3 {[%emt 0:00:08]} 19. Rg2 {[%emt 0:00:57]} Be6 {[%emt 0:00:05]} 20. Bf3 {[%emt 0:08:21]} Bxc4 {[%emt 0:02:30]} 21. Bf2 {[%emt 0:00:25]} Qf5 {[%emt 0:02:17]} 22. Rh2 {[%emt 0:00:49]} Qd3 {[%emt 0:03:20]} 23. Qxd3 {[%emt 0:01:10]} Bxd3 {[%emt 0:00:02]} 24. Rh5 {[%emt 0:01:19]} Rf5 {[%emt 0:03:24]} 25. Rxf5 {[%emt 0:00:56]} Bxf5 {[%emt 0:00:02]} 26. Re1 {[%emt 0:01:06]} Rxe1+ {[%emt 0:00:28]} 27. Bxe1 {[%emt 0:00:06]} Na5 {[%emt 0:01:05]} 28. Bd5 {[%emt 0:03:12]} c6 {[%emt 0:03:09]} 29. Bb3 {[%emt 0:00:22]} Bd3 {[%emt 0:04:09]} 30. Kf2 {[%emt 0:09:35]} g6 {[%emt 0:00:51]} 31. c4 {[%emt 0:02:57]} Nxc4 {[%emt 0:00:47]} 32. Bxc4 {[%emt 0:00:07]} Bxc4 {[%emt 0:00:04]} 33. a3 {[%emt 0:00:04]} c5 {[%emt 0:05:35]} 34. Ke3 {[%emt 0:01:27]} Kg7 {[%emt 0:00:31]} 35. Ke4 {[%emt 0:00:56]} Kf6 {[%emt 0:00:21]} 36. Bc3 {[%emt 0:01:55]} Ke6 {[%emt 0:00:16]} 37. dxc5 {[%emt 0:03:45]} dxc5 {[%emt 0:00:10]} 38. Be5 {[%emt 0:00:10]} Bd5+ {[%emt 0:00:22]} 39. Ke3 {[%emt 0:00:44]} Kd7 {[%emt 0:05:32]} 40. Kd3 {[%emt 0:01:11]} b6 {[%emt 0:04:12]} 41. Kc3 {[%emt 0:01:35]} Kc6 {[%emt 0:00:22]} 42. Bf6 {[%emt 0:01:07]} Kd7 {[%emt 0:01:07]} 43. Be5 {[%emt 0:01:10]} b5 {[%emt 0:01:01]} 44. Bg7 {[%emt 0:02:19]} a5 {[%emt 0:02:34]} 45. Bf8 {[%emt 0:00:37]} b4+ {[%emt 0:03:01]} 46. axb4 {[%emt 0:00:38]} axb4+ {[%emt 0:00:00]} 47. Kd3 {[%emt 0:00:00]} Kc6 {[%emt 0:00:00]} 48. Be7 {[%emt 0:00:00]} Be6 {[%emt 0:00:00]} 49. Bf8 {[%emt 0:00:00]} Kb5 {[%emt 0:00:00]} 50. Kc2 {[%emt 0:00:00]} Bf5+ {[%emt 0:00:00]} 51. Kb2 {[%emt 0:00:00]} c4 {[%emt 0:00:00]} 52. Be7 {[%emt 0:00:00]} c3+ {[%emt 0:00:00]} 53. Kb3 {[%emt 0:00:00]} Be6+ {[%emt 0:00:00]} 54. Kc2 {[%emt 0:00:00]} Kc4 {[%emt 0:00:00]} 0-1

[Event "CZE-ch Junior 2020"]
[Site "Kouty nad Desnou"]
[Date "2020.03.09"]
[Round "5.2"]
[White "Riha, Vojtech"]
[Black "Finek, Vaclav"]
[Result "1-0"]
[WhiteElo "2306"]
[BlackElo "2211"]
[Annotator "ChessBase"]
[PlyCount "103"]
[EventDate "2020.03.07"]
[EventCountry "CZE"]
[SourceTitle "playchess.com"]
[Source "ChessBase"]
[SourceQuality "1"]
[TimeControl "5400+30"]

1. e4 {[%emt 0:00:00]} e5 {[%emt 0:00:00]} 2. Nf3 {[%emt 0:00:00]} Nf6 {[%emt 0:00:00]} 3. Nc3 {[%emt 0:00:09]} Nc6 {[%emt 0:00:00]} 4. d4 {[%emt 0:00:21]} exd4 {[%emt 0:00:00]} 5. Nd5 {[%emt 0:00:05]} Nb4 {[%emt 0:00:28]} 6. Nxd4 {[%emt 0:00:20]} Nxe4 {[%emt 0:00:58]} 7. Nb5 {[%emt 0:00:53]} Nxd5 {[%emt 0:00:14]} 8. Qxd5 {[%emt 0:00:07]} Nc5 {[%emt 0:02:32]} 9. Be3 {[%emt 0:00:46]} Ne6 {[%emt 0:00:06]} 10. Nxa7 {[%emt 0:00:47]} c6 {[%emt 0:03:11]} 11. Qd2 {[%emt 0:02:24]} d5 {[%emt 0:07:32]} 12. Nxc8 {[%emt 0:00:43]} Rxc8 {[%emt 0:00:25]} 13. c3 {[%emt 0:02:21]} Bd6 {[%emt 0:02:45]} 14. Bd3 {[%emt 0:03:09]} Qh4 {[%emt 0:04:29]} 15. g3 {[%emt 0:06:24]} Qf6 {[%emt 0:00:08]} 16. f4 {[%emt 0:04:26]} O-O {[%emt 0:04:04]} 17. O-O {[%emt 0:01:52]} Bc5 {[%emt 0:06:22]} 18. Rae1 {[%emt 0:05:42]} d4 {[%emt 0:04:45]} 19. cxd4 {[%emt 0:03:43]} Bxd4 {[%emt 0:02:47]} 20. Bxd4 {[%emt 0:06:56]} Qxd4+ {[%emt 0:00:56]} 21. Re3 {[%emt 0:01:04]} Rcd8 {[%emt 0:02:55]} 22. Qf2 {[%emt 0:01:18]} Qf6 {[%emt 0:08:42]} 23. Rfe1 {[%emt 0:07:02]} Rd7 {[%emt 0:09:36]} 24. Bc4 {[%emt 0:03:16]} Nc7 {[%emt 0:01:42]} 25. Re5 {[%emt 0:02:04]} Qd6 {[%emt 0:02:55]} 26. Kg2 {[%emt 0:03:40]} Qd4 27. Qxd4 {[%emt 0:05:03]} Rxd4 {[%emt 0:03:04]} 28. Bb3 {[%emt 0:00:07]} Nd5 {[%emt 0:04:55]} 29. Kf3 {[%emt 0:05:52]} g6 {[%emt 0:06:42]} 30. Bxd5 {[%emt 0:11:48]} cxd5 {[%emt 0:01:20]} 31. Ke3 {[%emt 0:00:29]} Rb4 {[%emt 0:00:50]} 32. b3 {[%emt 0:02:46]} Rd8 {[%emt 0:02:04]} 33. Kd3 {[%emt 0:03:18]} Kf8 {[%emt 0:03:23]} 34. Rc1 {[%emt 0:01:44]} Rd7 {[%emt 0:03:14]} 35. Rc5 {[%emt 0:02:40]} d4 {[%emt 0:00:42]} 36. Rc4 {[%emt 0:04:55]} Rxc4 {[%emt 0:04:14]} 37. bxc4 {[%emt 0:00:08]} Kg7 {[%emt 0:01:28]} 38. Rd5 {[%emt 0:03:46]} Re7 {[%emt 0:00:07]} 39. Rxd4 {[%emt 0:02:30]} Re1 {[%emt 0:01:17]} 40. Kc3 {[%emt 0:01:30]} Rh1 {[%emt 0:02:40]} 41. Rd2 {[%emt 0:00:43]} Kf6 {[%emt 0:00:24]} 42. Rb2 {[%emt 0:01:05]} h5 {[%emt 0:01:19]} 43. a4 {[%emt 0:00:00]} Rc1+ {[%emt 0:00:00]} 44. Kb4 {[%emt 0:00:00]} b6 {[%emt 0:00:00]} 45. Kb5 {[%emt 0:00:00]} h4 {[%emt 0:00:00]} 46. gxh4 {[%emt 0:00:00]} Kf5 {[%emt 0:00:00]} 47. Rb4 {[%emt 0:00:00]} Rf1 {[%emt 0:00:00]} 48. Kxb6 {[%emt 0:00:00]} Rxf4 {[%emt 0:00:00]} 49. a5 {[%emt 0:00:00]} Rxh4 {[%emt 0:00:00]} 50. a6 {[%emt 0:00:00]} Rxh2 {[%emt 0:00:00]} 51. a7 {[%emt 0:00:00]} Ra2 {[%emt 0:00:00]} 52. Rb5+ {[%emt 0:00:00]} 1-0

[Event "CZE-ch Junior 2020"]
[Site "Kouty nad Desnou"]
[Date "2020.03.09"]
[Round "5.3"]
[White "Bulockin, Martin"]
[Black "Eret, Jonas"]
[Result "1-0"]
[WhiteElo "2218"]
[BlackElo "2211"]
[Annotator "TA"]
[PlyCount "107"]
[EventDate "2020.03.07"]
[EventCountry "CZE"]
[SourceTitle "playchess.com"]
[Source "ChessBase"]
[SourceQuality "1"]

{[%evp 11,107,-3,-4,-10,0,-4,-9,-5,-5,-20,0,-14,-8,-21,0,0,48,51,52,11,9,0,48,54,19,27,30,14,14,14,33,-14,108,112,112,107,192,50,215,195,214,133,133,133,144,141,141,99,112,110,112,100,86,54,39,0,0,-141,-146,-142,-89,-98,-12,-14,-10,-15,-10,-18,12,12,67,77,72,52,84,84,80,80,80,105,66,-8,206,208,208,201,206,207,208,206,459,472,397,247,29997,29998,29998,29999]} 1. d4 Nf6 2. Bf4 d5 3. e3 e6 4. Nd2 Bd6 5. Bg3 O-O 6. Ngf3 b6 7. Ne5 {D02: 1 d4 d5 2 Nf3 sidelines, including 2...Nf6 3 g3 and 2...Nf6 3 Bf4.} c5 8. c3 Qc7 9. Bd3 {The position is equal.} Bb7 10. Qc2 {[#]} h6 $146 ({Predecessor:} 10... Nc6 11. f4 Rac8 12. Rc1 g6 13. O-O Nd7 14. Ndf3 f5 15. Bh4 Nf6 16. Bxf6 Rxf6 {1-0 (61) Huang,Q (2410)-Nguyen Thi Mai,H (2295) Subic Bay 2009}) 11. O-O Nc6 {[%cal Rc6e5,Bb8c6,Bc6e7,Be7f5,Bf5d6,Bd6e4][%mdl 32]} 12. f4 Rac8 13. Qd1 cxd4 14. exd4 Ne7 15. Qe2 Nf5 16. Rae1 Rce8 17. Bf2 Be7 18. g4 Nd6 19. Bh4 Nfe4 20. Bxe7 Qxe7 21. Kh1 Nxd2 (21... Kh7 $11) 22. Qxd2 $16 Ne4 23. Qg2 $1 Rc8 {[#]} (23... Kh7 $16 {was called for.}) 24. Rg1 (24. g5 $1 $18 {[%mdl 512]}) 24... Qh4 $2 (24... Kh7 $14) 25. Ref1 $1 $18 Rc7 26. Nf3 Qd8 27. g5 h5 28. g6 $1 fxg6 29. Qxg6 {Hoping for Ng5.} Qe8 30. Qxe8 Rxe8 31. Ne5 Rf8 32. Bxe4 dxe4 33. h4 (33. Rg5 {is more complex.} Ba6 34. Re1 Rxf4 35. Rxh5 Bb7 36. Kg1) 33... Ba6 34. Kg2 (34. Ng6 $1 $11) 34... Bxf1+ $17 35. Rxf1 {[%mdl 4096] Endgame KRR-KRN} b5 $1 36. Kg3 Rd8 (36... a5 $1 $17 37. Ra1 Rd8) 37. Rd1 $11 Rd5 38. a3 a5 39. Kf2 $1 Rd8 40. Ke3 b4 (40... Rf8 $11) 41. axb4 $14 axb4 42. c4 Ra8 43. d5 exd5 44. cxd5 Rc2 45. d6 Kf8 (45... Rxb2 $2 46. d7 $18) 46. b3 ({Better is} 46. d7 $14 Ke7 47. b3) 46... Rc3+ $2 (46... Raa2 $1 $11 {and Black has nothing to worry.} 47. Kxe4 Rd2) 47. Kxe4 $18 Rd8 48. Kd5 Rxb3 49. Nc6 $1 {[%cal Rc6d8]} Rd7 {[#]} 50. Ke6 $1 {[%cal Re6d7][%mdl 1024] White has strong compensation.} Ke8 $2 {[#]} (50... Rf7) 51. Ne5 $1 {[%cal Re5d7]} Re3 52. Ra1 {Ra8+ would kill now.} b3 $2 (52... Rd8 $18 53. Ra7 Kf8) 53. Ra8+ Rd8 54. d7+ {Accuracy: White = 71%, Black = 54%.} 1-0

[Event "CZE-ch Junior 2020"]
[Site "Kouty nad Desnou"]
[Date "2020.03.09"]
[Round "5.4"]
[White "Mica, Marek"]
[Black "Stinka, Jakub"]
[Result "1/2-1/2"]
[WhiteElo "2306"]
[BlackElo "2263"]
[Annotator "ChessBase"]
[PlyCount "84"]
[EventDate "2020.03.07"]
[EventCountry "CZE"]
[SourceTitle "playchess.com"]
[Source "ChessBase"]
[SourceQuality "1"]
[TimeControl "5400+30"]

1. d4 {[%emt 0:00:00]} Nf6 {[%emt 0:00:00]} 2. Nf3 {[%emt 0:00:00]} e6 {[%emt 0:00:02]} 3. c4 {[%emt 0:00:00]} d5 {[%emt 0:00:23]} 4. Nc3 {[%emt 0:00:09]} Be7 {[%emt 0:00:55]} 5. Bg5 {[%emt 0:00:21]} Nbd7 {[%emt 0:02:48]} 6. cxd5 {[%emt 0:01:30]} Nxd5 {[%emt 0:00:34]} 7. Bxe7 {[%emt 0:02:45]} Qxe7 {[%emt 0:00:04]} 8. Nxd5 {[%emt 0:04:37]} exd5 {[%emt 0:00:14]} 9. e3 {[%emt 0:02:26]} O-O {[%emt 0:01:24]} 10. Bd3 {[%emt 0:00:39]} Nf6 {[%emt 0:01:02]} 11. O-O {[%emt 0:00:57]} Bg4 {[%emt 0:01:10]} 12. h3 {[%emt 0:00:28]} Bh5 {[%emt 0:00:19]} 13. Rc1 {[%emt 0:01:45]} c6 {[%emt 0:02:22]} 14. Be2 {[%emt 0:00:32]} Ne4 {[%emt 0:01:55]} 15. Ne5 {[%emt 0:04:31]} Bxe2 {[%emt 0:01:03]} 16. Qxe2 {[%emt 0:00:04]} a5 {[%emt 0:01:31]} 17. Kh2 {[%emt 0:03:07]} f6 {[%emt 0:03:56]} 18. Nd3 {[%emt 0:01:07]} a4 {[%emt 0:01:29]} 19. a3 {[%emt 0:01:27]} Nd6 {[%emt 0:01:53]} 20. Nc5 {[%emt 0:03:11]} f5 {[%emt 0:03:22]} 21. f4 {[%emt 0:06:10]} Rfe8 {[%emt 0:06:05]} 22. Rf3 {[%emt 0:00:52]} Nc4 {[%emt 0:17:30]} 23. Rxc4 {[%emt 0:07:40]} dxc4 {[%emt 0:00:19]} 24. Qxc4+ {[%emt 0:00:06]} Qf7 {[%emt 0:01:39]} 25. Qc2 {[%emt 0:00:35]} b5 {[%emt 0:05:43]} 26. Nd3 {[%emt 0:03:30]} Qb3 {[%emt 0:04:39]} 27. Qd2 {[%emt 0:10:18]} Rad8 {[%emt 0:01:51]} 28. g4 {[%emt 0:02:36]} Qd5 {[%emt 0:02:27]} 29. Qf2 {[%emt 0:01:51]} Re6 {[%emt 0:02:11]} 30. Rg3 {[%emt 0:07:42]} fxg4 {[%emt 0:05:50]} 31. Rxg4 {[%emt 0:00:28]} Qf5 {[%emt 0:04:10]} 32. Ne5 {[%emt 0:01:18]} c5 {[%emt 0:03:26]} 33. Qg2 {[%emt 0:04:18]} Qf6 {[%emt 0:01:25]} 34. dxc5 {[%emt 0:01:22]} Rxe5 {[%emt 0:07:29]} 35. fxe5 {[%emt 0:00:14]} Qxe5+ {[%emt 0:00:14]} 36. Rg3 {[%emt 0:00:42]} h5 {[%emt 0:02:41]} 37. h4 {[%emt 0:00:37]} Rd3 {[%emt 0:03:48]} 38. c6 {[%emt 0:04:47]} Rxe3 {[%emt 0:10:00]} 39. c7 {[%emt 0:00:35]} Qxc7 {[%emt 0:00:29]} 40. Qd5+ {[%emt 0:00:16]} Kf8 {[%emt 0:01:03]} 41. Qf5+ {[%emt 0:00:10]} Kg8 {[%emt 0:00:00]} 42. Qd5+ {[%emt 0:00:00]} Kf8 {[%emt 0:00:00]} 1/2-1/2

[Event "CZE-ch Junior 2020"]
[Site "Kouty nad Desnou"]
[Date "2020.03.09"]
[Round "5.5"]
[White "Sprenar, Petr"]
[Black "Sramek, Vojtech"]
[Result "1/2-1/2"]
[WhiteElo "2302"]
[BlackElo "2181"]
[Annotator "ChessBase"]
[PlyCount "93"]
[EventDate "2020.03.07"]
[EventCountry "CZE"]
[SourceTitle "playchess.com"]
[Source "ChessBase"]
[SourceQuality "1"]
[TimeControl "5400+30"]

1. d4 {[%emt 0:00:00]} Nf6 {[%emt 0:00:00]} 2. c4 {[%emt 0:00:00]} b6 {[%emt 0:00:00]} 3. Nc3 {[%emt 0:01:05]} Bb7 {[%emt 0:00:00]} 4. Qc2 {[%emt 0:00:26]} d5 {[%emt 0:00:00]} 5. Bg5 {[%emt 0:01:10]} dxc4 {[%emt 0:05:02]} 6. e3 {[%emt 0:02:00]} g6 {[%emt 0:16:20]} 7. Nf3 {[%emt 0:06:28]} Bg7 {[%emt 0:00:17]} 8. Bxc4 {[%emt 0:01:00]} O-O {[%emt 0:00:49]} 9. O-O {[%emt 0:04:52]} Nc6 {[%emt 0:05:16]} 10. Rfd1 {[%emt 0:04:47]} Qc8 {[%emt 0:11:57]} 11. Nd5 {[%emt 0:10:58]} Qd7 {[%emt 0:13:49]} 12. Nxf6+ {[%emt 0:02:52]} exf6 {[%emt 0:00:18]} 13. Bf4 {[%emt 0:01:13]} Ne7 {[%emt 0:09:34]} 14. Be2 {[%emt 0:06:12]} Nd5 {[%emt 0:03:44]} 15. Bg3 {[%emt 0:00:05]} Qe7 {[%emt 0:00:45]} 16. a3 {[%emt 0:06:16]} Rfe8 {[%emt 0:01:10]} 17. Bc4 {[%emt 0:05:45]} Rac8 {[%emt 0:01:50]} 18. Qb3 {[%emt 0:01:07]} Red8 {[%emt 0:04:12]} 19. Ne1 {[%emt 0:06:32]} c5 {[%emt 0:08:57]} 20. dxc5 {[%emt 0:01:13]} Rxc5 {[%emt 0:00:40]} 21. Nd3 {[%emt 0:06:53]} Rcc8 {[%emt 0:00:51]} 22. Nb4 {[%emt 0:04:04]} Nxb4 {[%emt 0:01:12]} 23. axb4 {[%emt 0:03:43]} Bc6 {[%emt 0:07:00]} 24. b5 {[%emt 0:02:17]} Be4 {[%emt 0:01:45]} 25. f3 {[%emt 0:02:42]} Bf5 {[%emt 0:00:08]} 26. Bd5 {[%emt 0:05:04]} Be6 {[%emt 0:02:32]} 27. Bxe6 {[%emt 0:03:05]} fxe6 {[%emt 0:00:53]} 28. Be1 {[%emt 0:02:03]} f5 {[%emt 0:01:34]} 29. Bb4 {[%emt 0:00:41]} Qf7 {[%emt 0:00:43]} 30. Rac1 {[%emt 0:01:33]} Rxc1 {[%emt 0:01:47]} 31. Rxc1 {[%emt 0:00:07]} Bf8 {[%emt 0:00:42]} 32. Bxf8 {[%emt 0:01:00]} Rxf8 {[%emt 0:00:09]} 33. Rc6 {[%emt 0:00:44]} e5 {[%emt 0:00:39]} 34. Qxf7+ {[%emt 0:02:38]} Rxf7 {[%emt 0:00:27]} 35. Re6 {[%emt 0:00:55]} Rd7 {[%emt 0:01:21]} 36. Rxe5 {[%emt 0:00:03]} Rd1+ {[%emt 0:00:09]} 37. Kf2 {[%emt 0:00:14]} Rd2+ {[%emt 0:00:07]} 38. Kg3 {[%emt 0:00:05]} Rxb2 {[%emt 0:00:20]} 39. Re7 {[%emt 0:03:54]} Rxb5 {[%emt 0:00:47]} 40. Rxa7 {[%emt 0:00:18]} Rb4 {[%emt 0:00:54]} 41. Rb7 {[%emt 0:01:40]} b5 {[%emt 0:00:00]} 42. f4 {[%emt 0:00:00]} Re4 {[%emt 0:00:00]} 43. Kf3 {[%emt 0:00:00]} Rb4 {[%emt 0:00:00]} 44. h3 {[%emt 0:00:00]} Rb1 {[%emt 0:00:00]} 45. g4 {[%emt 0:00:00]} b4 {[%emt 0:00:00]} 46. Rb8+ {[%emt 0:00:00]} Kg7 {[%emt 0:00:00]} 47. Rb7+ {[%emt 0:00:00]} 1/2-1/2